Hospodárstvo Slovenska pod "ochranou" nemeckej orlice

Vznikom Slovenského štátu v roku 1939 sa opúšťalo od liberálne riadenej československej ekonomiky a čoraz väčšiu úlohu v hospodárskom živote zohrával štát a vládne zásahy. Krátko po vzniku republiky začali vznikať inštitúcie, ktoré upevňovali štátom riadené hospodárstvo. O hospodársky rozvoj Slovens...

Ausführliche Beschreibung

Gespeichert in:
Bibliographische Detailangaben
1. Verfasser: Šuláková, Agáta, 1995-
Format: Buchkapitel
Sprache:Slowakisch
Schlagworte:
Tags: Tag hinzufügen
Keine Tags, Fügen Sie das erste Tag hinzu!

MARC

LEADER 00000naa a2200000 4500
001 0258112
005 20240502074104.8
041 0 |a slo 
044 |a SK 
245 1 0 |a Hospodárstvo Slovenska pod "ochranou" nemeckej orlice  |c Agáta Šuláková 
520 |a Vznikom Slovenského štátu v roku 1939 sa opúšťalo od liberálne riadenej československej ekonomiky a čoraz väčšiu úlohu v hospodárskom živote zohrával štát a vládne zásahy. Krátko po vzniku republiky začali vznikať inštitúcie, ktoré upevňovali štátom riadené hospodárstvo. O hospodársky rozvoj Slovenska malo najväčší záujem práve nacistické Nemecko, ktoré plánovalo využívať surovinové zdroje, poľnohospodárske produkty a priemyselné výrobky v súlade so záujmami Nemecka. 
610 2 0 |a história 
610 2 0 |a Slovensko 
610 2 0 |a politika hospodárska 
610 2 0 |a Nemecko 
610 2 0 |a Československo 
610 2 0 |a vývoj hospodársky 
610 2 0 |a spolupráca hospodárska medzinárodná 
100 1 |a Šuláková, Agáta, 1995-